Statistics for Songs by Linkin Park

Click here to take the quiz!

General Stats

  • This quiz has been taken 478 times
  • The average score is 32 of 76

Answer Stats

Hint Answer % Correct
Numb
92%
In The End
91%
Crawling
78%
2000 - Hybrid TheoryPapercut
76%
What I've Done
73%
Faint
72%
One Step Closer
71%
Somewhere I Belong
70%
Breaking The Habit
68%
Castle Of Glass
63%
Burn It Down
62%
Bleed It Out
58%
Points Of Authority
55%
Given Up
54%
The Catalyst
54%
A Place For My Head
54%
From The Inside
53%
Runaway
52%
Leave Out All The Rest
51%
Shadow Of The Day
51%
2012 - Living ThingsLost In The Echo
51%
Figure.09
51%
With You
51%
Don't Stay
50%
Pushing Me Away
48%
Final Masquerade
47%
Valentine's Day
46%
Cure For The Itch
46%
Lying From You
46%
Forgotten
45%
By Myself
44%
Waiting For The End
43%
No More Sorrow
43%
Nobody's Listening
43%
Easier To Run
41%
Hit The Floor
41%
Iridescent
40%
Until It's Gone
39%
Guilty All The Same
38%
Hands Held High
38%
2003 - MeteoraForeword
38%
Burning In The Skies
38%
In Pieces
37%
Session
37%
Powerless
37%
In Between
34%
In My Remains
34%
The Messenger
34%
Blackout
34%
Rebellion
34%
The Little Things Give You Away
33%
2014 - The Hunting PartyKeys To The Kingdom
32%
Robot Boy
31%
2007 - Minutes To MidnightWake
31%
War
31%
Wretches And Kings
31%
Wastelands
31%
A Line In The Sand
29%
Roads Untraveled
29%
Victimized
29%
I'll Be Gone
29%
When They Come For Me
28%
Skin To Bone
27%
All For Nothing
26%
2010 - A Thousand SunsThe Requiem
26%
Lies Greed Misery
26%
Tinfoil
25%
The Radiance
23%
Until It Breaks
23%
Mark The Graves
21%
Wisdom, Justice, and Love
21%
Fallout
20%
Empty Spaces
19%
Drawbar
19%
The Summoning
17%
Jordana Del Muerto
11%

Score Distribution

Percentile by Number Answered

Percent of People with Each Score

Your Score History

You have not taken this quiz